| 000 | 01869cam a22002897a 4500 | ||
|---|---|---|---|
| 001 | 16048695 | ||
| 005 | 20130129121514.0 | ||
| 008 | 100111s2009 stk b 001 0 eng d | ||
| 010 | _a 2009415903 | ||
| 020 | _a9789774163326 | ||
| 020 | _a9780748637935 (pbk.) | ||
| 020 | _a0748637931 (pbk.) | ||
| 020 | _a9780748637928 (hardback) | ||
| 020 | _a0748637923 (hardback) | ||
| 082 | 0 | 4 |
_a297 _222 _bISL |
| 245 | 0 | 0 |
_aIslam and Modernity : _bKey Issues and Debates / _cedited by Muhammad Khalid Masud, Armando Salvatore, and Martin van Bruinessen. |
| 260 |
_aEdinburgh : _bEdinburgh University Press, _c2009. |
||
| 300 |
_avii, 296 p. ; _c24 cm. |
||
| 504 | _aIncludes bibliographical references and index. | ||
| 505 | 0 | _aPreface; Part 1 Conceptualising Modernity; 1. Tradition and Modernity within Islamic Civilisation and the West, Armando Salvatore; 2. Western Scholars of Islam on the Issue of Modernity, Muhammad Khalid Masud and Armando Salvatore; Part 2 Negotiating Modernity; 3. Political Modernity in the Middle East, Sami Zubaida; 4. Islam, Modernity and the Politics of Gender: Perspectives from the Middle East, Central Asia and Afghanistan, Deniz Kandiyoti; 5. Sufism, 'Popular' Islam and the Encounter with Modernity, Martin van Bruinessen; 6. Colonialism and Islamic Law, Ebrahim Moosa; Part 3 Debating Modernity; 7. The Reform Project in the Emerging Public Spheres, Armando Salvatore; 8. The Ulama and Contestations of Religious Authority under Modern Conditions, Muhammad Qasim Zaman; 9. Islamic Modernism, Muhammad Khalid Masud; 10. The Shifting Politics of Identity, Abdulkader Tayob; List of Contributors. | |
| 650 | 0 |
_aIslamic modernism. _932066 |
|
| 653 |
_bPol _cJanuary2013 |
||
| 700 | 1 |
_aMasud, Muhammad Khalid, _d1939- _932067 |
|
| 700 | 1 |
_aSalvatore, Armando. _932068 |
|
| 700 | 1 |
_aBruinessen, Martin van. _932069 |
|
| 942 |
_2ddc _cBB |
||
| 999 |
_c17158 _d17130 |
||